00423cas a2200133 a 4500040000800000082002600008245003100034246006200065246002000127260006200147300002900209650000900238710004200247 cGUA a366 LNS 1989 A067 Or.00aIRRI research highlights /3 aInternational Rice Research Institute research highlights17aIRRI highlights aLos Ba©łos, Laguna, Philippines :bThe Institute,c1989 av. :bcol. ill. ;c23 cm 0aRice2 aInternational Rice Research Institute